El lago de los cisnes. (Record no. 33862)
[ view plain ]
| 000 -CABECERA | |
|---|---|
| campo de control de longitud fija | 00765ngm a2200193 a 4500 |
| 005 - FECHA Y HORA DE LA ÚLTIMA TRANSACCIÓN | |
| campo de control | 20210223122337.0 |
| 008 - ELEMENTOS DE LONGITUD FIJA--INFORMACIÓN GENERAL | |
| campo de control de longitud fija | 991125s1993 mx 080 aaspa u |
| 035 ## - NÚMERO DE CONTROL DEL SISTEMA | |
| Número de control de sistema | UPN01000033862 |
| 049 ## - COLECCIÓN | |
| Colección | AV |
| 050 #4 - SIGNATURA TOPOGRÁFICA DE LA BIBLIOTECA DEL CONGRESO | |
| Número de clasificación | PVI G 0811 |
| 110 2# - ASIENTO PRINCIPAL--NOMBRE CORPORATIVO | |
| Nombre de entidad corporativa o nombre de jurisdicción como elemento de entrada | Compañía Nacional de Danza (México) |
| 245 13 - MENCIÓN DE TÍTULO | |
| Título | El lago de los cisnes. |
| 260 ## - PUBLICACIÓN, DISTRIBUCIÓN, ETC. | |
| Lugar de publicación, distribución, etc. | México : |
| Nombre del editor, distribuidor, etc. | INBA, |
| Fecha de publicación, distribución, etc. | 1993. |
| 300 ## - DESCRIPCIÓN FÍSICA | |
| Extensión | 1 videocasete (VHS) (80 min.) |
| 500 ## - NOTA GENERAL | |
| Nota general | Grabado en vivo desde la Isleta del Viejo Bosque de Chapultepec |
| 520 ## - NOTA DE RESUMEN, ETC. | |
| Sumario, etc. | El lago de los cisnes, es una historia de amor y magia, en la que un príncipe lucha por vencer los espejismos y logra desencadenar a Odette, quien gracias a los embrujos de Von Rotbart fué transformada en un cisne |
| 650 #4 - ASIENTO SECUNDARIO DE MATERIA - TERMINO TEMATICO | |
| Término de materia o nombre geográfico como elemento de entrada | BALLET |
| 9 (RLIN) | 8654 |
| 905 ## - TIPO DE MATERIAL | |
| Tipo de material | Audiovisuales |
| Estado de retiro | Estado de pérdida | Fuente del sistema de clasificación o colocación | Estado dañado | No para préstamo | Código de colección | Localización permanente | Ubicación/localización actual | Ubicación en estantería | Total de préstamos | Clasificación | Código de barras | Fecha visto por última vez | Número de copia | Tipo de ítem Koha |
|---|---|---|---|---|---|---|---|---|---|---|---|---|---|---|
| Library of Congress Classification | Audiovisuales | Bib. Gregorio Torres Quintero | Bib. Gregorio Torres Quintero | Audiovisual | PVI G 0811 | 164851 | 31/12/2020 | 1 | Videocasete |
